შიდა ქართლის ანტიკური პერიოდის კერამიკა : (ბიბ.ჩანაწერი № 60238)
[ მარტივი ფორმატი ]
| 000 -ლიდერი | |
|---|---|
| ფიქსირებული სიგრძის საკონტროლო ველი | 01477nam a22002297a 4500 |
| 003 - საკონტროლო ნომრის იდენტიფიკატორი | |
| საკონტროლო ველი | Ge_BSU |
| 005 - ბოლო ოპერაციის თარიღი და დრო | |
| საკონტროლო ველი | 20230621111744.0 |
| 008 - ფიქსირებული სიგრძის მონაცემთა ელემენტები - ზოგადი ინფორმაცია | |
| ფიქსირებული სიგრძის საკონტროლო ველი | 230621s1979 ge ||||| |||| 00| 0 geo d |
| 041 ## - ენის კოდი | |
| Language code of text/sound track or separate title | geo |
| 080 ## - უნივერსალური ათობითი კლასიფიკაციის ინდექსი | |
| Universal Decimal Classification number | 903.02(479.22) მ-85 |
| 100 ## - მთავარი ჩანაწერი - პიროვნების სახელი | |
| Personal name | მორჩაძე, თ. |
| 9 (RLIN) | 18860 |
| 245 ## - ცნობა სათაურის შესახებ | |
| Title | შიდა ქართლის ანტიკური პერიოდის კერამიკა : |
| Remainder of title | პეტროგრაფიული მონაცემებით / |
| Statement of responsibility, etc | თ. მორჩაძე; რედ. ი. გაგოშიძე; ჯანაშიას სახ. საქართველოს სახელმწ. მუზეუმი. |
| 264 ## - წარმოების, გამოცემის, დისტრიბუციის და სხვა ცნობები | |
| გამოცემის, წარმოების, დისტრიბუციის... ადგილი | თბილისი : |
| გამოცემის, წარმოების, დისტრიბუციის... სახელწოდება | მეცნიერება, |
| გამოცემის, წარმოების, დისტრიბუციის... თარიღი | 1979. |
| 300 ## - ფიზიკური აღწერა | |
| Extent | 92გვ. ; |
| Other physical details | 21სმ. |
| 501 ## - შენიშვნა თანმხლებ მასალაზე | |
| With note | გამოსახულებათა ტაბ. და მათი სია: გვ. 92-125. ლიტ. სია: გვ. 85-88 (62 დასახ.). |
| 520 ## - SUMMARY, ETC. | |
| Summary, etc | რეზ. რუს.ენაზე |
| 653 ## - INDEX TERM--UNCONTROLLED | |
| Uncontrolled term | კერამიკული ნაწარმი საქართველოში. |
| 653 ## - INDEX TERM--UNCONTROLLED | |
| Uncontrolled term | არქეოლოგიური გათხრები შიდა ქართლში. |
| 700 ## - ADDED ENTRY--PERSONAL NAME | |
| Personal name | გაგოშიძე, ი. |
| Relator term | რედაქტორი |
| 9 (RLIN) | 4178 |
| 710 ## - ADDED ENTRY--CORPORATE NAME | |
| Corporate name or jurisdiction name as entry element | ჯანაშიას სახ. საქართველოს სახელმწ. მუზეუმი. |
| 9 (RLIN) | 18861 |
| 942 ## - ADDED ENTRY ELEMENTS (KOHA) | |
| Source of classification or shelving scheme | |
| Koha item type | წიგნი |
| ჩამოწერის სტატუსი | დაკარგული ეგზემპლარის სტატუსი | კლასიფიკაციის წყარო ან თაროზე გაწყობის სქემა | დაზიანების სტატუსი | არ გაიცემა | მუდმივი მდებარეობა (დაცვის ადგილი) | ამჟამინდელი ადგილსამყოფელი | თაროზე განთავსების ადგილი | შეძენის თარიღი | ღირებულება, შესყიდვის ნორმალური ფასი | სრული შენახვის შიფრი | შტრიხკოდი | ბოლო ოპერაციის თარიღი | ეგზემპლარის მიმდევრობითი ნომერი (კეტერი?) | Uniform Resource Identifier | ფასის ძალაში შესვლის თარიღი | ეგზემპლარის სახეობა | საჯარო შენიშვნა |
|---|---|---|---|---|---|---|---|---|---|---|---|---|---|---|---|---|---|
| ბათუმის შოთა რუსთაველის სახელმწიფო უნივერსიტეტის მთავარი ბიბლიოთეკა | ბათუმის შოთა რუსთაველის სახელმწიფო უნივერსიტეტის მთავარი ბიბლიოთეკა | წიგნსაცავი | 2023-06-21 | 5.00 | 903.02(479.22) მ-85 | 64558 | 2023-06-21 | 64558 | ბსუ-ს საპატიო დოქტორის გურამ ლორთქიფანიძის საჩუქარი | 2023-06-21 | წიგნი | 5 ლ. |
